Á lódáil...
An Introduction to experimental high-voltage technique:Textbook for engineers
| Príomhúdar: | |
|---|---|
| Formáid: | Printed Book |
| Teanga: | English |
| Foilsithe: |
New Delhi
Wiley Eastern
1979
|
| Ábhair: |
| LEADER | 00548nam a22001577a 4500 | ||
|---|---|---|---|
| 005 | 20151026132809.0 | ||
| 008 | 100702t xxu||||| |||| 00| 0 eng d | ||
| 080 | |a 621.37 |b KIN | ||
| 100 | |a Kind,Dieter |9 11646 | ||
| 245 | |a An Introduction to experimental high-voltage technique:Textbook for engineers | ||
| 300 | |a xii,212p. | ||
| 653 | |a high-voltage | ||
| 942 | |c BK |6 _ | ||
| 260 | |a New Delhi |b Wiley Eastern |c 1979 |9 11647 | ||
| 999 | |c 56177 |d 56177 | ||
| 952 | |0 0 |1 2 |2 udc |4 0 |6 621317_KIN |7 0 |9 69089 |a UL |b UL |d 2010-07-02 |o 621.317 KIN |p 00017177 |r 2010-07-02 |w 2010-07-02 |y BK | ||